000 01049nam a2200289Ia 4500
003 OSt
005 20221005092520.0
006 a|||||r|||| 00| 0
007 ta
008 221004b |||||||| |||| 00| 0 eng d
020 _a9780815369622 (hbk)
_cUKP 105.00
024 _a44572
037 _bBBS/63, 06/02/2019, Better Book Service
_cTextual
040 _aCRL
_cCRL
_beng
041 _2eng
_aeng
082 _aO111:gN, Q8
100 _aRodriguez - Salas Gerardo Ed.
_9617415
245 0 _aNew perspectives on community and the modernist subject
_b finite, singular, exposed
260 _aNew York
_bRoutledge USA
_c2018
300 _aviii,256p.
_ccm.
490 _aRoutledge studies in twentieth - century literature
650 _aMODERNISM
700 _a Lopez Maria J. Ed.
_9617416
700 _a Martin - Salvan Paula Ed.
_9617417
942 _hO111:gN, Q8
_cTEXL
_2cc
999 _c998941
_d998941